000 01230cam a22003377a 4500
003 CHAP
005 20220329141944.0
008 980929 1998 mx r 00010 spa d
010 _a76226
011 _a77198
035 _a86801
040 _cCHAP
082 0 4 _a607
_bU3
110 2 _aUACH. Centro de Educación Contínua y Servicios Universitarios
_9115827
245 1 0 _aApuntes para evaluación de asesores técnicos agrícolas
_c/por UACH. Centro de Educación Contínua y Servicios Universitarios
260 _aChapingo, Méx. :
_bUACH. Centro de Educación Contínua y Servicios Universitarios,
_c1993.
300 _a416 p. ;
_bgráfs. ; cuadros
590 _aBATCH-UPD
_b10
_c20130110
_lUCH01
_h1829
590 _aBATCH-UPD
_b10
_c20130410
_lUCH01
_h1202
590 _aBATCH-UPD
_b10
_c20130914
_lUCH01
_h0419
590 _aBATCH-UPD
_b10
_c20140805
_lUCH01
_h1147
590 _aCONVERSION
_b10
_c20130109
_lUCH01
_h1342
650 1 4 _aAgricultura
_xInvestigación.
_91577
650 1 4 _aAsesoría.
_97894
650 1 4 _aAyuda técnica.
_99035
650 1 4 _aExtensión agrícola.
_939144
901 _aBK
905 _aMayto Villalobos S.
942 _cLIBRO
949 _a607 U3
_bBC
_cUACH
_d33724000705646
_eUACH
_h93300
_i86801
_sb
999 _c76226
_d76226